Movimientos sociopolíticos en el Caribe

שמור ב:
מידע ביבליוגרפי
מחבר ראשי: Pierre Charles, Gérard
פורמט: Texto
יצא לאור: s.l.: s.e.
תגים: הוספת תג
אין תגיות, היה/י הראשונ/ה לתייג את הרשומה!

MARC

LEADER 00000 a a2200000 04500
001 24104
003
040
090 |a 171200  
100 |a Pierre Charles, Gérard  
245 |a Movimientos sociopolíticos en el Caribe  
260 |a s.l.:   |b s.e.  
300 |a 70 p.  
999 |c 10971  |d 10971